Matemáticas discretas
Αποθηκεύτηκε σε:
| Κύριος συγγραφέας: | |
|---|---|
| Άλλοι συγγραφείς: | |
| Μορφή: | Βιβλίο |
| Γλώσσα: | Spanish |
| Έκδοση: |
México : Pearson Educación
c2005.
|
| Έκδοση: | 6 |
| Θέματα: | |
| Ετικέτες: |
Προσθήκη ετικέτας
Δεν υπάρχουν, Καταχωρήστε ετικέτα πρώτοι!
|
MARC
| LEADER | 00000nam a2200000Ia 4500 | ||
|---|---|---|---|
| 003 | 000388 | ||
| 005 | 20221231144023.0 | ||
| 008 | 140114s2005 mx a 000 ||spa d | ||
| 040 | |c cru CEDI | ||
| 082 | |a 511.302.85 J71m6 | ||
| 100 | |a Johnsonbaugh, Richard, 1941- |9 20514 | ||
| 245 | |a Matemáticas discretas | ||
| 250 | |a 6 | ||
| 260 | |a México : Pearson Educación |c c2005. | ||
| 300 | |a xviii 672 páginas : ilustraciones ; 24 cm | ||
| 500 | |a Traducción de: Discrete mathematics, 6. ed. | ||
| 650 | |x MATEMATICAS |x PROCESAMIENTO DE DATOS |9 20479 | ||
| 700 | |9 20515 |a González Osuna, Marcia Aída |d Traductora | ||
| 942 | |2 ddc |c BK | ||
| 999 | |c 15718 |d 15718 | ||
